the rise of Peofercond. Society (Record no. 26516)

MARC details
000 -LEADER
fixed length control field 00351nam a2200145Ia 4500
008 - FIXED-LENGTH DATA ELEMENTS--GENERAL INFORMATION
fixed length control field 230718s9999 xx 000 0 und d
041 ## - LANGUAGE CODE
-- Eng.
082 ## - DEWEY DECIMAL CLASSIFICATION NUMBER
Classification number 942.081
Item number PAR-T
100 ## - MAIN ENTRY--AUTHOR
Author Name Parking Harold
245 #4 - TITLE STATEMENT
Title the rise of Peofercond. Society
260 ## - PUBLICATION, DISTRIBUTION, ETC.
Place of Publication Pakistan
Name of publisher, distributor, etc. Oxford univery phano
Date of publication, distribution, etc. 1990
300 ## - PHYSICAL DESCRIPTION
Pages 604
650 ## - SUBJECT ADDED ENTRY--TOPICAL TERM
Subject / Department Law
952 ## - LOCATION AND ITEM INFORMATION (KOHA)
-- 0
-- 0
Holdings
Lost status Damaged status Permanent Location Current Location Date acquired Full Call Number Accession No./Barcode Date last seen item type
    Superior Information Resource Center (SIRC) Superior University-Law Campus Superior Information Resource Center (SIRC) Superior University-Law Campus 07/18/2023 942.081 PAR-T 21468 07/18/2023 BOOK

Powered by Koha